Market Size and Supply Disruptions : Sharing the Pain of a Potential Russian Gas Shut-off to the European Union /

We assess the supply-side effects on European Union (EU) economic activity if Russian gas imports were to suddenly cease. Unlike other studies, we account for the global scope of the liquefied natural gas (LNG) market. In the absence of frictions, an open-economy, multi-sector general equilibrium mo...

Deskribapen osoa

Xehetasun bibliografikoak
Egile nagusia: Albrizio, Silvia
Beste egile batzuk: Bluedorn, John, Koch, Christoffer, Pescatori, Andrea
Formatua: Aldizkaria
Hizkuntza:English
Argitaratua: Washington, D.C. : International Monetary Fund, 2022.
Saila:IMF Working Papers; Working Paper ; No. 2022/143
Gaiak:
Sarrera elektronikoa:Full text available on IMF
LEADER 02047cas a2200325 a 4500
001 AALejournalIMF023136
008 230101c9999 xx r poo 0 0eng d
020 |c 20.00 USD 
020 |z 9798400215223 
022 |a 1018-5941 
040 |a BD-DhAAL  |c BD-DhAAL 
100 1 |a Albrizio, Silvia. 
245 1 0 |a Market Size and Supply Disruptions :   |b Sharing the Pain of a Potential Russian Gas Shut-off to the European Union /  |c Silvia Albrizio, John Bluedorn, Christoffer Koch, Andrea Pescatori. 
264 1 |a Washington, D.C. :  |b International Monetary Fund,  |c 2022. 
300 |a 1 online resource (39 pages) 
490 1 |a IMF Working Papers 
500 |a <strong>Off-Campus Access:</strong> No User ID or Password Required 
500 |a <strong>On-Campus Access:</strong> No User ID or Password Required 
506 |a Electronic access restricted to authorized BRAC University faculty, staff and students 
520 3 |a We assess the supply-side effects on European Union (EU) economic activity if Russian gas imports were to suddenly cease. Unlike other studies, we account for the global scope of the liquefied natural gas (LNG) market. In the absence of frictions, an open-economy, multi-sector general equilibrium model suggests that the adverse economic impact on the EU shrinks five-fold if integration with the global LNG market is considered. While greater integration provides a buffer for the EU through trade, the flip side is that other LNG importers (such as Japan, South Korea, and Pakistan) see adverse effects from higher prices. 
538 |a Mode of access: Internet 
650 7 |a Energy  |2 imf 
650 7 |a Macroeconomics  |2 imf 
650 7 |a Prices, Business Fluctuations, and Cycles  |2 imf 
650 7 |a Supply Disruptions  |2 imf 
700 1 |a Bluedorn, John. 
700 1 |a Koch, Christoffer. 
700 1 |a Pescatori, Andrea. 
830 0 |a IMF Working Papers; Working Paper ;  |v No. 2022/143 
856 4 0 |z Full text available on IMF  |u https://elibrary.imf.org/openurl?genre=journal&issn=1018-5941&volume=2022&issue=143  |z IMF e-Library